| 000 | 00685nam a2200289Ia 4500 | ||
|---|---|---|---|
| 005 | 20260324140806.0 | ||
| 008 | 008 260324s9999 xx 000 0 eng d | ||
| 020 | _a9780429027673 | ||
| 037 | _aEBOOK | ||
| 040 | _aCRL | ||
| 040 | _beng | ||
| 040 | _cCRL | ||
| 041 | _2eng | ||
| 041 | _aeng | ||
| 084 | _qCRL | ||
| 100 |
_aRoy Newsome _91205763 |
||
| 245 | 0 | _aBrass Roots | |
| 245 | 2 | _bA Hundred Years of Brass Bands and Their Music, 1836-1936 | |
| 260 | _bTaylor and Francis | ||
| 260 | _c1998 | ||
| 365 | _a | ||
| 365 | _b170 | ||
| 856 | _uhttp://www.taylorfrancis.com/books/9780429027673 | ||
| 942 | _cEBOOK | ||
| 999 |
_c1808168 _d1808168 |
||